01564nam a22003254a 4500001001200000003000800012006001900020007001500039008004100054010001700095020001500112040002100127035002000148050002800168082001400196111010300210245026100313260004900574300002400623490006200647504005100709533015200760650003500912655002900947700003000976710001701006830007201023856012601095999001701221ebr10052999CaPaEBRm u cr cn|||||||||010718s2001 maua sb 101 0 eng  z 2001038478 z0792375149 aCaPaEBRcCaPaEBR a(OCoLC)5116901514aQA76.9.D314bI34 2000eb04a005.82212 aIFIP TC 11 WG 11.3 Working Conference on Database Securityn(14th :d2000 :cSchoorl, Netherlands)10aData and applications securityh[electronic resource] :bdevelopments and directions : IFIP TC11 WG11.3 Fourteenth Annual Working Conference on Database Security, Schoorl, The Netherlands, August 21-23, 2000 /cedited by Bhavani Thuraisingham ... [et al.]. aBoston :bKluwer Academic Publishers,c2001. axiv, 376 p. :bill.1 aInternational Federation for Information Processing ;v73 aIncludes bibliographical references and index. aElectronic reproduction.bPalo Alto, Calif. :cebrary,d2013.nAvailable via World Wide Web.nAccess may be limited to ebrary affiliated libraries. 0aDatabase securityvCongresses. 7aElectronic books.2local1 aThuraisingham, Bhavani M.2 aebrary, Inc. 0aInternational Federation for Information Processing (Series) ;v73.40uhttp://site.ebrary.com/lib/rucke/Doc?id=10052999zAn electronic book accessible through the World Wide Web; click to view c65139d65139